000
00311nam a2200109Ia 4500
008
171205s9999 xx 000 0 und d
020
_a
9781635493801
100
_a
Miller, Finn.
245
_c
Finn Miller
_a
Principles of Operations Management
260
_b
Larsen and Keller Education
_c
2017
300
_a
293 pages
999
_c
347443
_d
347443